One Piece: Highest Bounty Battle #2 - Statistics

General Stats
  • This quiz has been taken 826 times
  • The average score is 3 of 10
Answers on the Grid
Answers color-coded by a green-red scale on the quiz's grid according to % correct below.
Loki
Tony Tony Chopper
Alvida
Ulti
Sabo
X Drake
Jack
Little Oars Jr.
Charlotte Perospero
Bartolomeo
Caesar Clown
Usopp
Gecko Moria
Bellamy
Bartholomew Kuma
Brook
Black Maria
Charlotte Snack
Senor Pink
Pica
Lao G
Marco
Queen
King
Fisher Tiger
Page One
X Drake
Pekoms
Basil Hawkins
Gecko Moria
 
Answer Stats
Answer % Correct
Loki
93%
Sabo
50%
Jack
43%
Usopp
38%
King
15%
Gecko Moria
10%
Pica
7%
Charlotte Snack
6%
Page One
3%
Pekoms
3%
No matching quizzes found
Score Distribution
Percent of People with Each Score
Percentile by Number Answered
Your Score History
You have not taken this quiz